Possession: a romance

Sparad:
Bibliografiska uppgifter
Huvudupphovsman: Byatt, Antonia Susan (Författare, medförfattare)
Materialtyp: Bok
Språk:engelska
Publicerad: Londres Vintage 1991
Upplaga:1a. ed
Ämnen:
Taggar: Lägg till en tagg
Inga taggar, Lägg till första taggen!

MARC

LEADER 00000cam a2200000 a 4500
001 UCE0771
003 CL-VaPUC
008 140307e19910000uk |||||||||||||||||eng|d
020 |a 0099800403 
082 0 4 |a 823  |b BYA  |2 21 
100 0 |a Byatt, Antonia Susan  |e author  |9 573120 
245 1 0 |a Possession: a romance 
250 |a 1a. ed 
300 |a 511 p 
942 |c BK 
945 |d 20140307 11:03:00  |a dcastane 
260 |a Londres  |b Vintage  |c 1991 
650 0 |a Novelas inglesas  |9 265220 
650 0 |a Literatura inglesa  |9 312907 
583 |a last modification  |c 20140307 11:03:00  |k Rodrigo Vera 
999 |c 354800  |d 354798 
952 |0 0  |1 0  |3 erb  |4 0  |6 823_000000000000000_BYA_1991  |7 0  |8 A  |9 460985  |a BIBEDU  |b BIBEDU  |i 5018676  |o 823 BYA 1991  |p 5018676  |r 2019-11-23  |w 2019-11-23  |y BK  |z Catalogado en:20140307  |k LIT